Walking with cavemen Ακολουθώντας τους ανθρώπους των σπηλαίων.
Ένα συναρπαστικό ντοκυμαντέρ, που με μοντέρνο και πρωτοποριακό τρόπο, αφηγείται τη ζωή των πρωτόγονων με τα πιο προηγμένα ειδικά εφέ, σε μια πιστή οπτική και επιστημονική αναπαράσταση, καταγράφοντας μοναδικά το απόλυτο ταξίδι του ανθρώπινου είδους"". - Περίληψη από τη θήκη....
Αποθηκεύτηκε σε:
| Μορφή: | |
|---|---|
| Γλώσσα: | English |
| Δημοσίευση: |
[S.L.] : Αθήνα :
BBC, Prooptiki [Εταιρεία διανομής],
[2003].
|
| Σειρά: | Natural history series
|
| Θέματα: | |
| Ετικέτες: |
Προσθήκη ετικέτας
Δεν υπάρχουν, Καταχωρήστε ετικέτα πρώτοι!
|
MARC
| LEADER | 00000cgm a2200000 i 4500 | ||
|---|---|---|---|
| 001 | 1/13620 | ||
| 008 | 110609s2003####xx ||| | || ||eng|| | ||
| 035 | |l 10110269 | ||
| 040 | |a GR-MY-UA |b gre |e aacr | ||
| 041 | 0 | |a eng |j eng | |
| 082 | 0 | |a 599.938 |2 (22) | |
| 245 | 1 | 0 | |a Walking with cavemen |h [μαγνητοσκόπηση] = |b Ακολουθώντας τους ανθρώπους των σπηλαίων. |
| 246 | 1 | |i Παράλληλος τίτλος: |a Ακολουθώντας τους ανθρώπους των σπηλαίων |h [μαγνητοσκόπηση] | |
| 260 | |a [S.L.] : |a Αθήνα : |b BBC, |b Prooptiki [Εταιρεία διανομής], |c [2003]. | ||
| 300 | |a 1 βιντεοδίσκος (115 λεπτ.) : |b ομίλ., έγχρ. ; |c 4 3/4 ίν. | ||
| 490 | 1 | |a Natural history series | |
| 500 | |a Τηλεοπτική παραγωγή του BBC, 2003. | ||
| 500 | |a Μεταγλωτισμένο και με αγγλικούς υπότιτλους. | ||
| 508 | |a Σκηνοθεσία - εκτέλεση παραγωγής: Richard Dale. | ||
| 520 | |a Ένα συναρπαστικό ντοκυμαντέρ, που με μοντέρνο και πρωτοποριακό τρόπο, αφηγείται τη ζωή των πρωτόγονων με τα πιο προηγμένα ειδικά εφέ, σε μια πιστή οπτική και επιστημονική αναπαράσταση, καταγράφοντας μοναδικά το απόλυτο ταξίδι του ανθρώπινου είδους"". - Περίληψη από τη θήκη. | ||
| 650 | 0 | 0 | |a Documentary television programs. |
| 650 | 0 | 0 | |a Human beings. |
| 650 | 0 | 0 | |a Homo erectus. |
| 830 | 0 | |a Natural history series | |
| 852 | |a INST |b SYROS |c AV |e 20110609 |h 599.938 WAL |p 005500009137 |q 005500009137 |t DVD |y 23 | ||
| 901 | |a BIBL5-2008-1 | ||
| 909 | |a Ε |b 165608 | ||
| 922 | |a 5ΕΛΗ |b 200709 |c ΒΙΒΛΙΟΘΗΚΗ ΣΥΡΟΥ |d ANACO | ||
| 970 | |a ΚΟΝΤΟΥ |b ΠΑΡΑΣΚΕΥΗ |z 2011/06/09 | ||